Feministische Religionsphilosophie: philosophisch-systematische Grundlagen
| Main Author: | |
|---|---|
| Format: | Print Book |
| Language: | German |
| Subito Delivery Service: | Order now. |
| Check availability: | HBZ Gateway |
| WorldCat: | WorldCat |
| Interlibrary Loan: | Interlibrary Loan for the Fachinformationsdienste (Specialized Information Services in Germany) |
| Published: |
Wien [u.a.]
Lit-Verl.
2011
|
| In: |
Philosophie (83)
Year: 2011 |
| Reviews: | [Rezension von: Buchhammer, Brigitte, Feministische Religionsphilosophie] (2012) (Paganini, Claudia, 1978 -)
|
| Edition: | 1., Aufl. |
| Series/Journal: | Philosophie
83 |
| Standardized Subjects / Keyword chains: | B
Kant, Immanuel 1724-1804
/ Religious philosophy
/ Ethics
/ Feminist philosophy
|
| Further subjects: | B
Religion
Philosophy
B Feminist Theory B Thesis B Feminist Theology B Kant, Immanuel (1724-1804) |
| Online Access: |
Table of Contents |
MARC
| LEADER | 00000cam a2200000 c 4500 | ||
|---|---|---|---|
| 001 | 657996351 | ||
| 003 | DE-627 | ||
| 005 | 20251223225316.0 | ||
| 007 | tu | ||
| 008 | 110512s2011 au ||||| m 00| ||ger c | ||
| 010 | |a 2011485298 | ||
| 015 | |a 11,N17 |2 dnb | ||
| 015 | |a 11,N17 |2 dnb | ||
| 016 | 7 | |a 1011138352 |2 DE-101 | |
| 020 | |a 9783643503169 |c Pb. : EUR 39.90 (DE), sfr 63.90 (freier Pr.) |9 978-3-643-50316-9 | ||
| 024 | 3 | |a 9783643503169 | |
| 035 | |a (DE-627)657996351 | ||
| 035 | |a (DE-576)358100208 | ||
| 035 | |a (DE-599)DNB1011138352 | ||
| 035 | |a (OCoLC)844796417 | ||
| 035 | |a (OCoLC)759853739 | ||
| 040 | |a DE-627 |b ger |c DE-627 |e rakwb | ||
| 041 | |a ger | ||
| 044 | |c XA-AT |c XA-DE-BE |c XA-DE-NW | ||
| 050 | 0 | |a BL51 | |
| 082 | 0 | |a 100 |q BSZ | |
| 082 | 0 | 4 | |a 100 |a 200 |a 300 |q DNB |
| 082 | 0 | 4 | |a 100 |
| 084 | |a 5,1 |2 ssgn | ||
| 084 | |a 1 |2 ssgn | ||
| 084 | |a CF 5017 |q BVB |2 rvk |0 (DE-625)rvk/18105:11616 | ||
| 084 | |a CC 8500 |q BVB |2 rvk |0 (DE-625)rvk/17709: | ||
| 084 | |a CC 8600 |q BVB |2 rvk |0 (DE-625)rvk/17710: | ||
| 084 | |a BF 8800 |q BVB |2 rvk |0 (DE-625)rvk/11180: | ||
| 084 | |a 11.69 |2 bkl | ||
| 084 | |a 08.37 |2 bkl | ||
| 100 | 1 | |8 1\p |0 (DE-588)110237153X |0 (DE-627)860291340 |0 (DE-576)470190809 |4 aut |a Buchhammer, Brigitte |d 1961- | |
| 109 | |a Buchhammer, Brigitte 1961- | ||
| 245 | 1 | 0 | |a Feministische Religionsphilosophie |b philosophisch-systematische Grundlagen |c Brigitte Buchhammer |
| 250 | |a 1., Aufl. | ||
| 263 | |a Erscheint: 1. Juli 2011 | ||
| 264 | 1 | |a Wien [u.a.] |b Lit-Verl. |c 2011 | |
| 300 | |a IV, 391 S. |c 210 mm x 147 mm | ||
| 336 | |a Text |b txt |2 rdacontent | ||
| 337 | |a ohne Hilfsmittel zu benutzen |b n |2 rdamedia | ||
| 338 | |a Band |b nc |2 rdacarrier | ||
| 490 | 1 | |a Philosophie |v 83 | |
| 502 | |a Zugl.: Wien, Univ., Diss., 2010 | ||
| 583 | 1 | |a Archivierung prüfen |c 20240324 |f DE-4165 |z 1 |2 pdager | |
| 600 | 1 | 0 | |a Kant, Immanuel |d 1724-1804 |
| 601 | |a Feminist | ||
| 601 | |a Grundlage | ||
| 650 | 0 | |a Feminist Theory | |
| 650 | 0 | |a Feminist Theology | |
| 650 | 0 | |a Religion |x Philosophy | |
| 655 | 7 | |a Hochschulschrift |0 (DE-588)4113937-9 |0 (DE-627)105825778 |0 (DE-576)209480580 |2 gnd-content | |
| 689 | 0 | 0 | |d p |0 (DE-588)118559796 |0 (DE-627)133368785 |0 (DE-576)208982949 |2 gnd |a Kant, Immanuel |d 1724-1804 |
| 689 | 0 | 1 | |d s |0 (DE-588)4049415-9 |0 (DE-627)104598581 |0 (DE-576)209081953 |2 gnd |a Religionsphilosophie |
| 689 | 0 | 2 | |d s |0 (DE-588)4015602-3 |0 (DE-627)106335987 |0 (DE-576)208912614 |2 gnd |a Ethik |
| 689 | 0 | 3 | |d s |0 (DE-588)4127504-4 |0 (DE-627)105724297 |0 (DE-576)209594195 |2 gnd |a Feministische Philosophie |
| 689 | 0 | |5 DE-101 | |
| 689 | 1 | 0 | |d p |0 (DE-588)118559796 |0 (DE-627)133368785 |0 (DE-576)208982949 |2 gnd |a Kant, Immanuel |d 1724-1804 |
| 689 | 1 | 1 | |d s |0 (DE-588)4049415-9 |0 (DE-627)104598581 |0 (DE-576)209081953 |2 gnd |a Religionsphilosophie |
| 689 | 1 | 2 | |d s |0 (DE-588)4015602-3 |0 (DE-627)106335987 |0 (DE-576)208912614 |2 gnd |a Ethik |
| 689 | 1 | 3 | |d s |0 (DE-588)4127504-4 |0 (DE-627)105724297 |0 (DE-576)209594195 |2 gnd |a Feministische Philosophie |
| 689 | 1 | |5 (DE-627) | |
| 751 | |a Wien |4 uvp | ||
| 787 | 0 | 8 | |i Rezensiert in |a Paganini, Claudia, 1978 - |t [Rezension von: Buchhammer, Brigitte, Feministische Religionsphilosophie] |d 2012 |w (DE-627)1819716422 |
| 830 | 0 | |a Philosophie |v 83 |9 83 |w (DE-627)130352896 |w (DE-576)00930133X |w (DE-600)594641-4 |7 am | |
| 856 | 4 | 2 | |u http://d-nb.info/1011138352/04 |m B:DE-101 |q application/pdf |v 2013-05-01 |x Verlag |3 Inhaltsverzeichnis |7 1 |
| 883 | |8 1\p |a cgwrk |d 20241001 |q DE-101 |u https://d-nb.info/provenance/plan#cgwrk | ||
| 936 | r | v | |a CF 5017 |b Abhandlungen, Studien |k Philosophie |k Geschichte der Philosophie |k Geschichte der Philosophie des Abendlandes von Antike bis 20. Jahrhundert |k Philosophie des 17. und 18. Jahrhunderts |k Autoren |k Autoren K |k Kant, Immanuel |k Abhandlungen, Studien |0 (DE-627)1270694766 |0 (DE-625)rvk/18105:11616 |0 (DE-576)200694766 |
| 936 | r | v | |a CC 8500 |b Abhandlungen |k Philosophie |k Systematische Philosophie |k Religionsphilosophie |k Abhandlungen |0 (DE-627)1270639315 |0 (DE-625)rvk/17709: |0 (DE-576)200639315 |
| 936 | r | v | |a CC 8600 |b Feministische Philosophie; Geschlechterforschung (Gender Studies) |k Philosophie |k Systematische Philosophie |k Feministische Philosophie; Geschlechterforschung (Gender Studies) |0 (DE-627)1271592959 |0 (DE-625)rvk/17710: |0 (DE-576)201592959 |
| 936 | r | v | |a BF 8800 |b Religionsphilosophie |k Theologie und Religionswissenschaften |k Philosophie |k Systematische Philosophie |k Religionsphilosophie |0 (DE-627)1270653512 |0 (DE-625)rvk/11180: |0 (DE-576)200653512 |
| 936 | b | k | |a 11.69 |j Systematische Theologie: Sonstiges |0 (DE-627)106419706 |
| 936 | b | k | |a 08.37 |j Religionsphilosophie |0 (DE-627)106405578 |
| 951 | |a BO | ||
| ELC | |b 1 | ||
| LOK | |0 000 xxxxxcx a22 zn 4500 | ||
| LOK | |0 001 4241599508 | ||
| LOK | |0 003 DE-627 | ||
| LOK | |0 004 657996351 | ||
| LOK | |0 005 20221228203834 | ||
| LOK | |0 008 221228||||||||||||||||ger||||||| | ||
| LOK | |0 040 |a DE-Tue135-1 |c DE-627 |d DE-Tue135-1 | ||
| LOK | |0 852 |a DE-Tue135-1 | ||
| LOK | |0 852 1 |m p |9 00 | ||
| LOK | |0 935 |a inmo | ||
| LOK | |0 938 |k p | ||
| LOK | |0 939 |a 28-12-22 |b l01 | ||
| ORI | |a SA-MARC-ixtheoa001.raw | ||
| REF | |a Religionstheorie | ||
| REL | |a 1 | ||
| STA | 0 | 0 | |a Ethics,Ethics,Moral philosophy,Philosophical Ethics,Ethics,Feminist philosophy,Religion,Religion in literature,Religions,Religion,Religious philosophy,Philosophy of religion,Religion |
| STB | 0 | 0 | |a Philosophie des religions,Philosophie féministe,Religion,Religions,Religion,Éthique,Éthique,Morale,Morale,Morale |
| STC | 0 | 0 | |a Filosofía de religión,Filosofía feminista,Religión,Religión,Religión,Ética,Ética,Ética moderna |
| STD | 0 | 0 | |a Etica,Etica,Filosofia della religione,Filosofia femminista,Religione,Religione,Religione |
| STE | 0 | 0 | |a 伦理学,道德哲学,道德学,女性主义哲学,宗教,宗教,宗教哲学 |
| STF | 0 | 0 | |a 倫理學,道德哲學,道德學,女性主義哲學,宗教,宗教,宗教哲學 |
| STG | 0 | 0 | |a Filosofia da religião,Filosofia feminista,Religião,Religião,Ética,Ética |
| STH | 0 | 0 | |a Религия,Религия (мотив),Феминистическая философия,Философия религии,Этика (мотив),Этика |
| STI | 0 | 0 | |a Ηθική (μοτίβο),Ηθική,Θρησκεία,Θρησκεία (μοτίβο),Φεμινιστική φιλοσοφία,Φιλοσοφία της θρησκείας |
| SUB | |a REL | ||
| SYA | 0 | 0 | |a Kant, Imānūīl,1724-1804,Kant, Immanuïl,1724-1804,Kant, Immanuelʹ,1724-1804,Kant, Immānū'ēl,1724-1804,Kant, Imanuell,1724-1804,Kant, Immanowel,1724-1804,Kantius,1724-1804,Kanto, Imanueru,1724-1804,Kānt, ʿImānūʾīl,1724-1804,Kānt, ʿAmānūʾīl,1724-1804,Ḳanṭ, ʿImanuʾel,1724-1804,Kānṭ, ʿAmmānūʾīl,1724-1804,Cant,1724-1804,Kanti, Imanuel,1724-1804,Kants, Imanuels,1724-1804,Kants, Immanuēls,1724-1804,Kantas, I.,1724-1804,Kantas, Imanuelis,1724-1804,Pseudo-Kant,1724-1804,Yi man nu er Kang de,1724-1804,Yimannuer-Kangde,1724-1804,Kangde, Yimannuer,1724-1804,Kang de,1724-1804,Kangde,1724-1804,Kant, Immanuil,1724-1804,Kant, Imm.,1724-1804,Kant, Inmanuel,1724-1804,Kant, Manuel,1724-1804,Kant,1724-1804,Qanṭ, Immānū'ēl,1724-1804,Kanto,1724-1804,K'ang-tê, I.,1724-1804,K'ang-tê,1724-1804,Kānt,1724-1804,Kānṭ, Imainual,1724-1804,Kant, Immanuïl,1724-1804,Kānt, ʿImānūīl,1724-1804,Kant, Imanuwil,1724-1804,Kant, Immanual,1724-1804,Kant, Immanuell,1724-1804,Kanto, I.,1724-1804,Kant, Imanuel,1724-1804,Kant, I.,1724-1804,Kant, Emanuel,1724-1804,Kant, Emanuele,1724-1804,Kant, Emmanuel,1724-1804,Kant, Emmanuele,1724-1804,Kant, E.,1724-1804,Kant, Manuele,1724-1804,Kant, M.,1724-1804,Kantius, Immanuel,1724-1804,Kant, Imanuil,1724-1804,Kant, Amanuil,1724-1804,K`ant`u,1724-1804,Canto, I.,1724-1804,Kant, Im.,1724-1804,Kant, `Imanu'el,1724-1804,Kānt, `Ammānūʹīl,1724-1804,Kant, IImmanuil,1724-1804,Kant,1724-1804,Kantius, Immanowel,1724-1804,Kant, Imainual,1724-1804,K`ang-te,1724-1804,Kan teu,1724-1804,Kangde,1724-1804,I ma nu el Kan teu,1724-1804,Kan teu, I ma nu el,1724-1804 |
| SYE | 0 | 0 | |a Religion,Mystik,Mythologie |
| SYG | 0 | 0 | |a Kant, Imānūīl,1724-1804,Kant, Immanuïl,1724-1804,Kant, Immanuelʹ,1724-1804,Kant, Immānū'ēl,1724-1804,Kant, Imanuell,1724-1804,Kant, Immanowel,1724-1804,Kantius,1724-1804,Kanto, Imanueru,1724-1804,Kānt, ʿImānūʾīl,1724-1804,Kānt, ʿAmānūʾīl,1724-1804,Ḳanṭ, ʿImanuʾel,1724-1804,Kānṭ, ʿAmmānūʾīl,1724-1804,Cant,1724-1804,Kanti, Imanuel,1724-1804,Kants, Imanuels,1724-1804,Kants, Immanuēls,1724-1804,Kantas, I.,1724-1804,Kantas, Imanuelis,1724-1804,Pseudo-Kant,1724-1804,Yi man nu er Kang de,1724-1804,Yimannuer-Kangde,1724-1804,Kangde, Yimannuer,1724-1804,Kang de,1724-1804,Kangde,1724-1804,Kant, Immanuil,1724-1804,Kant, Imm.,1724-1804,Kant, Inmanuel,1724-1804,Kant, Manuel,1724-1804,Kant,1724-1804,Qanṭ, Immānū'ēl,1724-1804,Kanto,1724-1804,K'ang-tê, I.,1724-1804,K'ang-tê,1724-1804,Kānt,1724-1804,Kānṭ, Imainual,1724-1804,Kant, Immanuïl,1724-1804,Kānt, ʿImānūīl,1724-1804,Kant, Imanuwil,1724-1804,Kant, Immanual,1724-1804,Kant, Immanuell,1724-1804,Kanto, I.,1724-1804,Kant, Imanuel,1724-1804,Kant, I.,1724-1804,Kant, Emanuel,1724-1804,Kant, Emanuele,1724-1804,Kant, Emmanuel,1724-1804,Kant, Emmanuele,1724-1804,Kant, E.,1724-1804,Kant, Manuele,1724-1804,Kant, M.,1724-1804,Kantius, Immanuel,1724-1804,Kant, Imanuil,1724-1804,Kant, Amanuil,1724-1804,K`ant`u,1724-1804,Canto, I.,1724-1804,Kant, Im.,1724-1804,Kant, `Imanu'el,1724-1804,Kānt, `Ammānūʹīl,1724-1804,Kant, IImmanuil,1724-1804,Kant,1724-1804,Kantius, Immanowel,1724-1804,Kant, Imainual,1724-1804,K`ang-te,1724-1804,Kan teu,1724-1804,Kangde,1724-1804,I ma nu el Kan teu,1724-1804,Kan teu, I ma nu el,1724-1804 , Ethics,Moral,Morality,Moralphilosophie,Tugend,Wertethik,Ethische Theorie,Moral,Philosophische Ethik,Sittenlehre,Moralphilosophie , Feminismus , Kant, Imānūīl,1724-1804,Kant, Immanuïl,1724-1804,Kant, Immanuelʹ,1724-1804,Kant, Immānū'ēl,1724-1804,Kant, Imanuell,1724-1804,Kant, Immanowel,1724-1804,Kantius,1724-1804,Kanto, Imanueru,1724-1804,Kānt, ʿImānūʾīl,1724-1804,Kānt, ʿAmānūʾīl,1724-1804,Ḳanṭ, ʿImanuʾel,1724-1804,Kānṭ, ʿAmmānūʾīl,1724-1804,Cant,1724-1804,Kanti, Imanuel,1724-1804,Kants, Imanuels,1724-1804,Kants, Immanuēls,1724-1804,Kantas, I.,1724-1804,Kantas, Imanuelis,1724-1804,Pseudo-Kant,1724-1804,Yi man nu er Kang de,1724-1804,Yimannuer-Kangde,1724-1804,Kangde, Yimannuer,1724-1804,Kang de,1724-1804,Kangde,1724-1804,Kant, Immanuil,1724-1804,Kant, Imm.,1724-1804,Kant, Inmanuel,1724-1804,Kant, Manuel,1724-1804,Kant,1724-1804,Qanṭ, Immānū'ēl,1724-1804,Kanto,1724-1804,K'ang-tê, I.,1724-1804,K'ang-tê,1724-1804,Kānt,1724-1804,Kānṭ, Imainual,1724-1804,Kant, Immanuïl,1724-1804,Kānt, ʿImānūīl,1724-1804,Kant, Imanuwil,1724-1804,Kant, Immanual,1724-1804,Kant, Immanuell,1724-1804,Kanto, I.,1724-1804,Kant, Imanuel,1724-1804,Kant, I.,1724-1804,Kant, Emanuel,1724-1804,Kant, Emanuele,1724-1804,Kant, Emmanuel,1724-1804,Kant, Emmanuele,1724-1804,Kant, E.,1724-1804,Kant, Manuele,1724-1804,Kant, M.,1724-1804,Kantius, Immanuel,1724-1804,Kant, Imanuil,1724-1804,Kant, Amanuil,1724-1804,K`ant`u,1724-1804,Canto, I.,1724-1804,Kant, Im.,1724-1804,Kant, `Imanu'el,1724-1804,Kānt, `Ammānūʹīl,1724-1804,Kant, IImmanuil,1724-1804,Kant,1724-1804,Kantius, Immanowel,1724-1804,Kant, Imainual,1724-1804,K`ang-te,1724-1804,Kan teu,1724-1804,Kangde,1724-1804,I ma nu el Kan teu,1724-1804,Kan teu, I ma nu el,1724-1804 , Ethics,Moral,Morality,Moralphilosophie,Tugend,Wertethik,Ethische Theorie,Moral,Philosophische Ethik,Sittenlehre,Moralphilosophie , Feminismus |



